| 000 | 00614nam a2200205Ia 4500 | ||
|---|---|---|---|
| 008 | 131103s9999 xx 000 0 und d | ||
| 040 | _aLoreto College | ||
| 041 | _aEnglish | ||
| 082 |
_a946.082/ARR _bLCLIB/2519 |
||
| 100 | _aArraras,Joaquin | ||
| 245 |
_aFrancisco Franco _cJoaquin Arraras; translated by J.Manuel Espinosa |
||
| 260 |
_aLondon _bGeoffrey Blfs _c1938 |
||
| 300 |
_a222 p. _c 22 cm. |
||
| 504 | _aIncludes bibliographical references | ||
| 650 | _aFrance,Francisco,1892 - 1975 | ||
| 651 | _aSpain - History,1939 - 1975 | ||
| 700 | _aEspinosa,J.Mauel,tr. | ||
| 850 | _aLCLIB | ||
| 942 | _cBK | ||
| 999 |
_c8175 _d58654 |
||